Statistics for Players With TD Receptions From Tom Brady

Click here to take the quiz!

General Stats

  • This quiz has been taken 1,267 times
    (103 since last reset)
  • The average score is 25 of 79

Answer Stats

Rec TDs Player % Correct
59690Rob Gronkowski
99%
68641Julian Edelman
97%
20440Randy Moss
93%
63138Wes Welker
84%
37116Troy Brown
81%
41Antonio Brown
81%
35427James White
77%
27115Danny Amendola
72%
17820Ben Watson
66%
21020Aaron Hernandez
62%
161Chad Johnson
59%
38428Deion Branch
54%
315Bethel Johnson
53%
13315Chris Hogan
53%
121Charles Johnson
53%
604Josh Gordon
49%
122N'Keal Harry
47%
171LeGarrette Blount
46%
769Phillip Dorsett
46%
673Antowain Smith
45%
123Chad Jackson
43%
784Rex Burkhead
42%
1056Dion Lewis
41%
737Brandin Cooks
39%
36111Kevin Faulk
35%
261Mohamed Sanu
35%
1010Mike Vrabel
35%
1239Brandon LaFell
35%
131Matt LaCosse
34%
576Martellus Bennett
34%
354Malcolm Mitchell
32%
632Corey Dillon
31%
1389Shane Vereen
31%
131David Thomas
30%
16717David Patten
28%
351James Develin
27%
441Laurence Maroney
27%
131Dwayne Allen
27%
61Ryan Izzo
27%
1045Danny Woodhead
27%
19319David Givens
26%
543Aaron Dobson
26%
291Michael Hoomanawanui
26%
112Kyle Brady
26%
544Donte Stallworth
23%
11Nate Solder
22%
583Brandon Bolden
22%
13018Daniel Graham
22%
234Scott Chandler
20%
262Keshawn Martin
20%
81Andre' Davis
20%
709Jabar Gaffney
20%
384Kenbrell Thompkins
20%
11Elandon Roberts
19%
253Cordarrelle Patterson
18%
232Brandon Tate
16%
8513Christian Fauria
16%
865Brandon Lloyd
15%
141Terry Glenn
15%
172Sam Aiken
15%
243Jermaine Wiggins
15%
246Tim Wright
14%
41Michael Floyd
12%
765Reche Caldwell
11%
221Heath Evans
9%
591Patrick Pass
9%
31Matthew Mulligan
9%
51Brian Tyms
9%
93Alge Crumpler
9%
172Tim Dwight
8%
21Matt Lengel
7%
492Marc Edwards
7%
122Donald Hayes
5%
253Doug Gabriel
4%
211Larry Centers
4%
11Tom Ashworth
4%
81Dedric Ward
3%
161Cam Cleeland
3%
142Chris Baker
1%

Score Distribution

Percentile by Number Answered

Percent of People with Each Score

Your Score History

You have not taken this quiz since the last reset